000 00370nam a2200121Ia 4500
008 240731s9999 xx 000 0 und d
022 _a1941-5974
245 4 _aThe London, Edinburgh, and Dublin Philosophical Magazine and Journal of Science : Series 3
260 _bTaylor & Francis
856 _uhttps://www.tandfonline.com/loi/tphm14
942 _2ddc
942 _cTFEJ
999 _c80031
_d80031
945 _a1
_bMadushi Gamage
_c1
_dMadushi Gamage